Statystyki dla Quiz o Saint Vincent i Grenadynach

Kliknij tutaj aby rozwiązać quiz!

Ogólne statystyki

  • Ten quiz został rozwiązany 1 107 razy
  • Średni wynik to 6 z 13

Statystyki odpowiedzi

WskazókaOdpowiedź% Poprawnych
Język oficjalnyangielski
96%
Pierwszy Europejczyk, który odkrył Saint Vincent i Grenadyny
22 stycznia 1498
Krzysztof Kolumb
68%
Państwo leżące około 50 km na północ od Saint VincentSaint Lucia
66%
Większy łańcuch wysp, który obejmuje powyższeMałe {Antyle}
65%
Kraj, który leży na południe od St. Vincent i GrenadynówGrenada
54%
StolicaKingstown
42%
Najpowszechniejsze wyznanie chrześcijańskie
(wskazówka: zaczyna się od A)
Anglikanizm
33%
Grupa rdzennych Amerykanów żyjąca na
wyspie przed europejską osadą, imienniczka słynnego morza
Karaibowie
30%
Najczęściej używany językkreolski Saint Vincent
i Grenadyn
29%
Rodzaj katastrofy, w której zginęło 1680 osób w 1902 rokuErupcja wulkanu
26%
Sieć wysp, do której należy to państwoWyspy {Nawietrzne}
17%
Dawny brytyjski fort z widokiem na stolicę,
nazwany na cześć żony króla Jerzego III
Fort {Charlotte}
14%
Owoce, które William Bligh z HMS Bounty przywiózł
z Tahiti na Saint Vincent
Chlebowiec właściwy
13%

Rozkład punktacji

Percentyl według liczby udzielonych odpowiedzi

Procent ludzi z każdym wynikiem

Twoja historia wyników

Nie rozwiązałeś tego quizu